[Event "Plzen, JF A"]
[Site "?"]
[Date "1999.??.??"]
[Round "1.1"]
[White "Balin, K."]
[Black "Blecha, M."]
[Result "1-0"]
[WhiteElo "1958"]
[BlackElo "2194"]
[PlyCount "89"]
[EventDate "1999.??.??"]
[Source "ChessBase"]
[SourceDate "1996.11.15"]

1. d4 Nf6 2. c4 g6 3. Nc3 Bg7 4. e4 d6 5. Nf3 O-O 6. Be2 e5 7. O-O Nc6 8. d5
Ne7 9. Ne1 Ne8 10. Be3 f5 11. f3 f4 12. Bf2 Nf6 13. c5 g5 14. Rc1 h5 15. a4 g4
16. cxd6 cxd6 17. Nb5 gxf3 18. gxf3 Bh3 19. Ng2 Ne8 20. Kh1 a6 21. Na3 Ng6 22.
Rg1 Kh7 23. Qb3 Qe7 24. Qb6 Bf6 25. Nc4 Rf7 26. Na5 h4 27. Ne1 Ng7 28. Bf1 Bxf1
29. Rxf1 Nh5 30. Rc2 Qd7 31. Rg1 Rh8 32. Rg4 Kg7 33. Qb4 Ng3+ 34. Kg2 Rh5 35.
Bb6 Bd8 36. Nc4 Nxe4 37. Bxd8 Qxd8 38. fxe4 h3+ 39. Kh1 f3 40. Rf2 Rg5 41. Rg3
Rxg3 42. hxg3 Qg5 43. Kh2 Nf4 44. Qd2 Qg4 45. Ne3 1-0

[Event "Plzen, JF A"]
[Site "?"]
[Date "1999.??.??"]
[Round "1.2"]
[White "Kaderka, R."]
[Black "Herskovic, R."]
[Result "1-0"]
[WhiteElo "2160"]
[BlackElo "1944"]
[PlyCount "59"]
[EventDate "1999.??.??"]
[Source "ChessBase"]
[SourceDate "1996.11.15"]

1. c4 Nf6 2. Nc3 g6 3. g3 Bg7 4. Bg2 O-O 5. d3 Nc6 6. e4 d6 7. Nge2 e5 8. O-O
Nd7 9. f4 f5 10. Be3 Nf6 11. h3 Be6 12. Nd5 Qd7 13. Kh2 Rae8 14. Qd2 exf4 15.
Nexf4 fxe4 16. Nxf6+ Bxf6 17. Bxe4 Bf5 18. Bxf5 Qxf5 19. Nd5 Qe5 20. d4 Qe6 21.
Rae1 Bg7 22. Nxc7 Rxf1 23. Nxe6 Rxe1 24. Qxe1 Rxe6 25. Qd2 Re4 26. Qd3 Re8 27.
Kg2 Nb4 28. Qb3 Nc6 29. Qxb7 Nxd4 30. Bxd4 1-0

[Event "Plzen, JF A"]
[Site "?"]
[Date "1999.??.??"]
[Round "1.3"]
[White "Pribyl, J."]
[Black "Cedikova, K."]
[Result "0-1"]
[WhiteElo "1914"]
[BlackElo "2150"]
[PlyCount "20"]
[EventDate "1999.??.??"]
[Source "ChessBase"]
[SourceDate "1996.11.15"]

1. e4 c5 2. Nf3 d6 3. d4 cxd4 4. Nxd4 Nf6 5. Nc3 g6 6. Be2 Bg7 7. Be3 O-O 8.
O-O Nc6 9. f4 Qb6 10. Nf5 Qxb2 0-1

[Event "Plzen, JF A"]
[Site "?"]
[Date "1999.??.??"]
[Round "1.4"]
[White "Buldrova, M."]
[Black "Petek, P."]
[Result "0-1"]
[WhiteElo "2129"]
[BlackElo "1898"]
[PlyCount "42"]
[EventDate "1999.??.??"]
[Source "ChessBase"]
[SourceDate "1996.11.15"]

1. c4 e5 2. Nc3 Nf6 3. g3 Bc5 4. Bg2 Nc6 5. d3 d6 6. Nf3 Bf5 7. O-O h6 8. a3 a5
9. b3 Qd7 10. Bb2 Bh3 11. Nd2 h5 12. Nce4 h4 13. Nxf6+ gxf6 14. Ne4 Ke7 15.
Nxc5 dxc5 16. Qe1 Rh5 17. f3 hxg3 18. hxg3 Bxg2 19. Kxg2 Rah8 20. Kf2 Nd4 21.
Bxd4 Qxd4+ 0-1

[Event "Plzen, JF A"]
[Site "?"]
[Date "1999.??.??"]
[Round "1.5"]
[White "Balin, J."]
[Black "Soukup, J."]
[Result "1-0"]
[WhiteElo "1895"]
[BlackElo "2084"]
[PlyCount "73"]
[EventDate "1999.??.??"]
[Source "ChessBase"]
[SourceDate "1996.11.15"]

1. Nf3 Nf6 2. g3 g6 3. Bg2 Bg7 4. O-O O-O 5. d3 d6 6. e4 e5 7. c3 c5 8. Re1 Nc6
9. h3 Ne8 10. Na3 Rb8 11. Nc2 f5 12. Bg5 Qc7 13. exf5 Bxf5 14. g4 Be6 15. d4
Qf7 16. Bh4 Bc8 17. Ng5 Qc7 18. dxc5 dxc5 19. Qd5+ Kh8 20. Qxc5 h6 21. Ne4 b6
22. Qc4 Bb7 23. Ne3 Rc8 24. Rad1 g5 25. Bg3 Qe7 26. Nf5 Rxf5 27. gxf5 Nd4 28.
Qd3 Nxf5 29. Qd7 Qxd7 30. Rxd7 Bc6 31. Rxa7 Nc7 32. Rd1 Ba8 33. Rxc7 Rxc7 34.
Rd8+ Kh7 35. Rxa8 Rd7 36. Bf3 Kg6 37. Rb8 1-0

[Event "Plzen, JF A"]
[Site "?"]
[Date "1999.??.??"]
[Round "1.6"]
[White "Decka, E."]
[Black "Balcar, M."]
[Result "0-1"]
[WhiteElo "2083"]
[BlackElo "1888"]
[PlyCount "76"]
[EventDate "1999.??.??"]
[Source "ChessBase"]
[SourceDate "1996.11.15"]

1. e4 c5 2. Nf3 e6 3. d4 cxd4 4. Nxd4 Nf6 5. Nc3 a6 6. g3 b5 7. Bg2 Bb7 8. a3
b4 9. axb4 Bxb4 10. Qd3 Nc6 11. Nxc6 Bxc6 12. O-O O-O 13. e5 Bxg2 14. Kxg2 Ne8
15. Rxa6 d6 16. exd6 Nxd6 17. Ne2 Rxa6 18. Qxa6 Nf5 19. Qb7 Be7 20. Bf4 Bf6 21.
b4 g5 22. Bc1 Qd6 23. Qf3 Rc8 24. c3 Qc7 25. Rd1 h6 26. Kg1 Bxc3 27. Nxc3 Qxc3
28. Rd8+ Kh7 29. Qxc3 Rxc3 30. Bb2 Rb3 31. Rh8+ Kg6 32. Be5 f6 33. Bc7 Rxb4 34.
Rf8 Rb7 35. Rc8 Ne7 36. Re8 Rxc7 37. g4 Ra7 38. Rh8 Kf7 0-1

[Event "Plzen, JF A"]
[Site "?"]
[Date "1999.??.??"]
[Round "1.7"]
[White "Vagner, T."]
[Black "Bernasek, J."]
[Result "0-1"]
[WhiteElo "1858"]
[BlackElo "2080"]
[PlyCount "64"]
[EventDate "1999.??.??"]
[Source "ChessBase"]
[SourceDate "1996.11.15"]

1. e4 c5 2. Nf3 e6 3. d4 cxd4 4. Nxd4 a6 5. Be3 Nf6 6. Nd2 Qc7 7. f4 Bc5 8. c3
d6 9. Qf3 O-O 10. h3 b5 11. g4 Bb7 12. g5 Nfd7 13. h4 e5 14. Nf5 Bxe3 15. Qxe3
exf4 16. Qd4 Ne5 17. a4 Rd8 18. axb5 axb5 19. Rxa8 Bxa8 20. Bg2 Nbc6 21. Qd5
Nb4 22. Qxb5 Nbd3+ 23. Ke2 Qa7 24. Nd4 Bb7 25. h5 Nc5 26. Kd1 Ba6 27. Qb4 Bd3
28. Qa3 Qb7 29. b4 Ra8 30. Qb2 Nxe4 31. Ke1 d5 32. h6 Bc4 0-1

[Event "Plzen, JF A"]
[Site "?"]
[Date "1999.??.??"]
[Round "1.8"]
[White "Pirklova, H."]
[Black "Hodova, L."]
[Result "0-1"]
[WhiteElo "2067"]
[BlackElo "1852"]
[PlyCount "36"]
[EventDate "1999.??.??"]
[Source "ChessBase"]
[SourceDate "1996.11.15"]

1. e4 e5 2. Nf3 Nc6 3. Bb5 a6 4. Ba4 Nf6 5. O-O Be7 6. Re1 b5 7. Bb3 O-O 8. c3
d5 9. exd5 Nxd5 10. Nxe5 Nxe5 11. Rxe5 Nf6 12. d4 Bd6 13. Re1 Ng4 14. h3 Qh4
15. Qf3 Nxf2 16. Rf1 Bxh3 17. Qxf2 Bg3 18. Qd2 Bg4 0-1

[Event "Plzen, JF A"]
[Site "?"]
[Date "1999.??.??"]
[Round "1.9"]
[White "Hampek, M."]
[Black "Konigova, P."]
[Result "0-1"]
[WhiteElo "1820"]
[BlackElo "2061"]
[PlyCount "44"]
[EventDate "1999.??.??"]
[Source "ChessBase"]
[SourceDate "1996.11.15"]

1. d4 Nf6 2. c4 g6 3. Nc3 Bg7 4. e4 d6 5. f3 O-O 6. Be3 Nbd7 7. Bd3 c5 8. d5 a6
9. Nge2 Ne5 10. O-O Nfd7 11. f4 Nxd3 12. Qxd3 b5 13. Rab1 Nf6 14. h3 b4 15. Nd1
{#} Nxe4 16. g4 f5 17. g5 e6 18. h4 Re8 19. Nf2 exd5 20. cxd5 a5 21. Nd1 Ba6
22. Qc2 Bxe2 0-1

[Event "Plzen, JF A"]
[Site "?"]
[Date "1999.??.??"]
[Round "1.10"]
[White "Kolar, J."]
[Black "Houska, J."]
[Result "1-0"]
[WhiteElo "2029"]
[BlackElo "1805"]
[PlyCount "103"]
[EventDate "1999.??.??"]
[Source "ChessBase"]
[SourceDate "1996.11.15"]

1. d4 e6 2. c4 f5 3. Nc3 Nf6 4. g3 d5 5. Bg2 c6 6. Nh3 Bd6 7. O-O O-O 8. b3 Qe8
9. Bf4 Bxf4 10. Nxf4 g5 11. Nd3 Nbd7 12. f3 dxc4 13. bxc4 e5 14. d5 cxd5 15.
Nxd5 Nxd5 16. cxd5 f4 17. e4 b6 18. Qa4 Nb8 19. Qxe8 Rxe8 20. Rfc1 Nd7 21. Bh3
Nc5 22. Nxc5 bxc5 23. Bf1 Bd7 24. Rxc5 Rec8 25. Rac1 Kf8 26. Bb5 Rxc5 27. Rxc5
Bxb5 28. Rxb5 Rc8 29. d6 fxg3 30. hxg3 Rd8 31. Rxe5 Rxd6 32. Rf5+ Ke8 33. Ra5
a6 34. Rxg5 Rd1+ 35. Kf2 Rd2+ 36. Ke3 Rxa2 37. Rh5 a5 38. Rxh7 a4 39. Ra7 a3
40. g4 Ra1 41. Kf4 a2 42. g5 Kf8 43. e5 Kg8 44. e6 Re1 45. Rxa2 Rxe6 46. Kf5
Rb6 47. Ra7 Rb5+ 48. Kg4 Rb4+ 49. f4 Rc4 50. g6 Rc5 51. f5 Rb5 52. f6 1-0

[Event "Plzen, JF A"]
[Site "?"]
[Date "1999.??.??"]
[Round "1.11"]
[White "Rerabkova, L."]
[Black "Flaisigova, P."]
[Result "1/2-1/2"]
[WhiteElo "1791"]
[BlackElo "2006"]
[PlyCount "53"]
[EventDate "1999.??.??"]
[Source "ChessBase"]
[SourceDate "1996.11.15"]

1. e4 c5 2. c3 d5 3. exd5 Qxd5 4. d4 Bf5 5. Nf3 Bxb1 6. Rxb1 cxd4 7. Nxd4 Nc6
8. Qf3 Qxf3 9. Nxf3 e6 10. Be3 a6 11. Nd4 Nge7 12. Be2 g6 13. Bf3 Bg7 14. Rd1
O-O 15. O-O Rfd8 16. Nxc6 Nxc6 17. Bb6 Re8 18. Rd6 Ne5 19. Bxb7 Rab8 20. Bxa6
Bf8 21. Rfd1 Bxd6 22. Rxd6 f6 23. Bb5 Nf7 24. Rc6 Ne5 25. Rd6 Nf7 26. Rc6 Ne5
27. Rd6 1/2-1/2

[Event "Plzen, JF A"]
[Site "?"]
[Date "1999.??.??"]
[Round "1.12"]
[White "Hejkrlik, F."]
[Black "Belan, V."]
[Result "1-0"]
[WhiteElo "2003"]
[BlackElo "1780"]
[PlyCount "47"]
[EventDate "1999.??.??"]
[Source "ChessBase"]
[SourceDate "1996.11.15"]

1. e4 c5 2. Nc3 Nc6 3. g3 e6 4. Bg2 g6 5. d3 Bg7 6. Be3 d6 7. Qd2 Rb8 8. Nf3
Nd4 9. Nd1 b5 10. c3 Nxf3+ 11. Bxf3 b4 12. O-O bxc3 13. bxc3 Ba6 14. Re1 Qa5
15. d4 cxd4 16. Bxd4 Nf6 17. e5 Nd5 18. Bxa7 Rb5 19. a4 Bb7 20. Qd3 Rb3 21. Qc4
Qxa7 22. Qxb3 Bxe5 23. Rb1 Ba6 24. Rxe5 1-0

[Event "Plzen, JF A"]
[Site "?"]
[Date "1999.??.??"]
[Round "1.13"]
[White "Sedlacek, J."]
[Black "Juptner, J."]
[Result "0-1"]
[WhiteElo "1687"]
[BlackElo "1967"]
[PlyCount "60"]
[EventDate "1999.??.??"]
[Source "ChessBase"]
[SourceDate "1996.11.15"]

1. c4 Nf6 2. Nc3 e6 3. Nf3 d5 4. cxd5 exd5 5. g3 c6 6. e3 Bg4 7. Bg2 Bd6 8. O-O
Nbd7 9. d4 Qe7 10. a3 Qe6 11. Re1 Qf5 12. Nh4 Qe6 13. f3 Bh5 14. e4 dxe4 15. g4
Bg6 16. Nxg6 hxg6 17. g5 Bxh2+ 18. Kf2 O-O-O 19. gxf6 Qxf6 20. Rxe4 Nc5 21. Rg4
Rhe8 22. Bg5 Qf5 23. Bh3 Rd7 24. Bd2 Qh5 25. Bg2 Nd3+ 26. Kf1 f5 27. Bc1 Re1+
28. Qxe1 Nxe1 29. Rg5 Qh4 30. Be3 Nc2 0-1

[Event "Plzen, JF A"]
[Site "?"]
[Date "1999.??.??"]
[Round "2.1"]
[White "Juptner, J."]
[Black "Kaderka, R."]
[Result "1/2-1/2"]
[WhiteElo "1967"]
[BlackElo "2160"]
[PlyCount "54"]
[EventDate "1999.??.??"]
[Source "ChessBase"]
[SourceDate "1996.11.15"]

1. d4 Nf6 2. c4 e6 3. Nc3 d5 4. cxd5 exd5 5. Bg5 c6 6. e3 Bd6 7. Bd3 O-O 8. Qc2
h6 9. Bh4 Nbd7 10. Nf3 Re8 11. O-O Be7 12. Rae1 Ne4 13. Bxe7 Qxe7 14. Bxe4 dxe4
15. Nd2 Nf6 16. f3 Bf5 17. fxe4 Bxe4 18. Ndxe4 Nxe4 19. Rf4 Nxc3 20. bxc3 Rad8
21. Qf2 Rd7 22. e4 b5 23. Rf1 Qe6 24. Qg3 Kh8 25. e5 Qxa2 26. Rg4 Rg8 27. h3
Rdd8 1/2-1/2

[Event "Plzen, JF A"]
[Site "?"]
[Date "1999.??.??"]
[Round "2.2"]
[White "Cedikova, K."]
[Black "Balin, K."]
[Result "1/2-1/2"]
[WhiteElo "2150"]
[BlackElo "1958"]
[PlyCount "42"]
[EventDate "1999.??.??"]
[Source "ChessBase"]
[SourceDate "1996.11.15"]

1. d4 Nf6 2. c4 e6 3. Nf3 d5 4. Nc3 Be7 5. cxd5 exd5 6. Bg5 c6 7. Qc2 O-O 8. e3
Ne4 9. Bxe7 Qxe7 10. Bd3 f5 11. O-O Be6 12. Ne5 Nd7 13. Nxd7 Bxd7 14. Rfe1 Rf6
15. f3 Nxc3 16. bxc3 Qf7 17. Rab1 Be6 18. a4 Rf8 19. f4 Re8 20. Rb2 Qe7 21. Qb1
Rf7 1/2-1/2

[Event "Plzen, JF A"]
[Site "?"]
[Date "1999.??.??"]
[Round "2.3"]
[White "Bernasek, J."]
[Black "Petek, P."]
[Result "0-1"]
[WhiteElo "2080"]
[BlackElo "1898"]
[PlyCount "80"]
[EventDate "1999.??.??"]
[Source "ChessBase"]
[SourceDate "1996.11.15"]

1. d4 d5 2. c4 Nc6 3. e3 e5 4. dxe5 d4 5. exd4 Qxd4 6. Qxd4 Nxd4 7. Bd3 Bg4 8.
Nc3 O-O-O 9. f4 Bb4 10. Be3 Nb3 11. axb3 Rxd3 12. Bd2 Ne7 13. Nf3 Bxf3 14. gxf3
Rhd8 15. Rd1 Rxf3 16. Ke2 Rh3 17. Ra1 Nf5 18. Be1 Nd4+ 19. Kf2 Nc2 20. Ra4 Nxe1
21. Rxe1 Bxc3 22. bxc3 Rd2+ 23. Kg1 Rhxh2 24. Rxa7 Rdg2+ 25. Kf1 Rc2 26. Kg1
Rhg2+ 27. Kh1 Rg4 28. Rd1 c6 29. Rd3 Rxf4 30. Ra8+ Kc7 31. Rd1 Rg4 32. Rad8
Rxc3 33. Kh2 Rg6 34. R1d4 Kb6 35. b4 Rc2+ 36. Kh3 Rc3+ 37. Kh2 Rc2+ 38. Kh3 Rc1
39. Kh2 Rh6+ 40. Kg2 Rc2+ 0-1

[Event "Plzen, JF A"]
[Site "?"]
[Date "1999.??.??"]
[Round "2.4"]
[White "Konigova, P."]
[Black "Balin, J."]
[Result "1/2-1/2"]
[WhiteElo "2061"]
[BlackElo "1958"]
[PlyCount "86"]
[EventDate "1999.??.??"]
[Source "ChessBase"]
[SourceDate "1996.11.15"]

1. e4 d5 2. exd5 Nf6 3. c4 e6 4. d4 exd5 5. Nc3 dxc4 6. Bxc4 Be7 7. Nf3 O-O 8.
h3 Nbd7 9. O-O Nb6 10. Bb3 c6 11. Re1 Bf5 12. Ne5 Nfd5 13. Qf3 Be6 14. Bc2 Nf6
15. Qd3 Nbd5 16. a3 Nc7 17. Bg5 g6 18. Qf3 Bd5 19. Nxd5 Ncxd5 20. Bb3 Rc8 21.
Rad1 Qd6 22. Nc4 Qd8 23. Ne5 Qd6 24. Bxd5 cxd5 25. Ng4 Ne4 26. Bf4 Qd8 27. Qb3
b6 28. Ne5 Bf6 29. Bh6 Bg7 30. Bxg7 Kxg7 31. f3 Nf6 32. Rc1 Qd6 33. Rc2 Rc7 34.
Rec1 Rfc8 35. Qa4 h6 36. Rc6 Rxc6 37. Rxc6 Rxc6 38. Qxc6 Qxc6 39. Nxc6 a5 40.
a4 Kf8 41. Kf2 Ke8 42. Ke3 Kd7 43. Ne5+ Ke6 1/2-1/2

[Event "Plzen, JF A"]
[Site "?"]
[Date "1999.??.??"]
[Round "2.5"]
[White "Balcar, M."]
[Black "Kolar, J."]
[Result "1/2-1/2"]
[WhiteElo "1888"]
[BlackElo "2029"]
[PlyCount "23"]
[EventDate "1999.??.??"]
[Source "ChessBase"]
[SourceDate "1996.11.15"]

1. e4 c5 2. Nf3 Nc6 3. d4 cxd4 4. Nxd4 e6 5. g3 Nf6 6. Bg2 Qb6 7. Nb3 d6 8. Bf4
Ne5 9. Qe2 Be7 10. O-O O-O 11. N1d2 Bd7 12. a4 1/2-1/2

[Event "Plzen, JF A"]
[Site "?"]
[Date "1999.??.??"]
[Round "2.6"]
[White "Hodova, L."]
[Black "Hejkrlik, F."]
[Result "1-0"]
[WhiteElo "1852"]
[BlackElo "2003"]
[PlyCount "53"]
[EventDate "1999.??.??"]
[Source "ChessBase"]
[SourceDate "1996.11.15"]

1. e4 c5 2. Nf3 e6 3. d4 cxd4 4. Nxd4 Nc6 5. Nc3 Nf6 6. g3 Bb4 7. Bg2 Qa5 8.
Nde2 O-O 9. O-O Rd8 10. f4 Bc5+ 11. Kh1 Ng4 12. Bd2 Qc7 13. Qe1 Nb4 14. Rc1 Ne3
15. Bxe3 Bxe3 16. Rb1 Nxc2 17. Qd1 Nb4 18. a3 Nc6 19. Nb5 Qa5 20. Nec3 a6 21.
Nd6 b5 22. e5 Rb8 23. Nce4 Qb6 24. Qh5 Rf8 25. Nf6+ gxf6 26. exf6 Nd4 27. Qg5+
1-0

[Event "Plzen, JF A"]
[Site "?"]
[Date "1999.??.??"]
[Round "2.7"]
[White "Flaisigova, P."]
[Black "Buldrova, M."]
[Result "0-1"]
[WhiteElo "2006"]
[BlackElo "2129"]
[PlyCount "126"]
[EventDate "1999.??.??"]
[Source "ChessBase"]
[SourceDate "1996.11.15"]

1. e4 c5 2. Nf3 d6 3. d4 cxd4 4. Nxd4 Nf6 5. f3 e6 6. c4 Nc6 7. Be3 Be7 8. Nc3
a6 9. Be2 O-O 10. O-O Qc7 11. Rc1 Bd7 12. Nd5 exd5 13. cxd5 Rfc8 14. dxc6 bxc6
15. Bc4 c5 16. Ne2 Bb5 17. Nf4 Bxc4 18. Rxc4 Qa5 19. Qc2 Rab8 20. b3 Bf8 21.
Rd1 Nd7 22. Nd5 Qb5 23. Rc3 a5 24. Bf2 Ne5 25. Ne3 Rd8 26. Rd2 Nc6 27. Nc4 Ne5
28. Ne3 Nc6 29. Qd1 Qb4 30. Rcc2 Nd4 31. Nd5 Qb5 32. Bxd4 cxd4 33. Rxd4 Rdc8
34. Rdc4 Rc5 35. Qd4 Rbc8 36. Ne3 R8c7 37. Nf5 Rd7 38. Ne3 Rdc7 39. R2c3 Rd7
40. a4 Qb7 41. Nd5 h6 42. Rd3 Kh8 43. f4 Rd8 44. Rdc3 Rb8 45. Ne3 Kh7 46. h3
Re8 47. Qd3 Kg8 48. Nd5 Rb8 49. Qd4 Kh8 50. Ne3 Kh7 51. Nf5 Rxc4 52. Qxc4 g6
53. Ne3 Qa7 54. Kh2 Rb4 55. Qd5 Rd4 56. Qc6 Bg7 57. Rc4 Rd2 58. Nf1 Rf2 59. Rc1
Rxf4 60. Qxd6 Rxe4 61. Qc5 Be5+ 62. Kh1 Qxc5 63. Rxc5 Re1 0-1

[Event "Plzen, JF A"]
[Site "?"]
[Date "1999.??.??"]
[Round "2.8"]
[White "Blecha, M."]
[Black "Rerabkova, L."]
[Result "1-0"]
[WhiteElo "2194"]
[BlackElo "1791"]
[PlyCount "31"]
[EventDate "1999.??.??"]
[Source "ChessBase"]
[SourceDate "1996.11.15"]

1. e4 e5 2. f4 d5 3. exd5 e4 4. Nc3 Nf6 5. d3 Bb4 6. dxe4 Nxe4 7. Qd4 Bxc3+ 8.
bxc3 O-O 9. Bb5 Qh4+ 10. Kf1 Ng3+ 11. hxg3 Qxh1 12. Ba3 Bd7 13. Bxf8 Bxb5+ 14.
c4 Kxf8 15. Qc5+ Kg8 16. Qxb5 1-0

[Event "Plzen, JF A"]
[Site "?"]
[Date "1999.??.??"]
[Round "2.9"]
[White "Soukup, J."]
[Black "Vagner, T."]
[Result "0-1"]
[WhiteElo "2084"]
[BlackElo "1858"]
[PlyCount "90"]
[EventDate "1999.??.??"]
[Source "ChessBase"]
[SourceDate "1996.11.15"]

1. e4 c5 2. Nc3 g6 3. g3 Bg7 4. Bg2 d6 5. Nge2 e5 6. O-O Ne7 7. d3 O-O 8. f4
Nbc6 9. Be3 Nd4 10. Qd2 Be6 11. fxe5 dxe5 12. Rf2 Qd7 13. Raf1 f6 14. b3 b5 15.
Nd1 Rad8 16. Nb2 Qc7 17. Nc1 c4 18. c3 Ndc6 19. Qc2 cxd3 20. Ncxd3 Nc8 21. Nc5
Bf7 22. Bh3 Rfe8 23. Qc1 b4 24. cxb4 Nxb4 25. a3 Nc6 26. Rc2 Nd4 27. Bxd4 Rxd4
28. Ne6 Qb6 29. Nxd4 Qxd4+ 30. Kh1 Nb6 31. Re1 Bxb3 32. Rc3 Bh6 33. Qxh6 Qxc3
34. Re2 Qf3+ 35. Rg2 Qxe4 36. Qd2 Bd5 37. Kg1 Qb1+ 38. Kf2 Bxg2 39. Bxg2 Qf5+
40. Kg1 Qd7 41. Qe2 Rc8 42. h4 Qd4+ 43. Kh2 Rc3 44. Nd1 Rxa3 45. Nf2 Qe3 0-1

[Event "Plzen, JF A"]
[Site "?"]
[Date "1999.??.??"]
[Round "2.10"]
[White "Hampek, M."]
[Black "Decka, E."]
[Result "1-0"]
[WhiteElo "1820"]
[BlackElo "2083"]
[PlyCount "77"]
[EventDate "1999.??.??"]
[Source "ChessBase"]
[SourceDate "1996.11.15"]

1. d4 Nf6 2. c4 c5 3. d5 e6 4. Nc3 exd5 5. cxd5 d6 6. g3 g6 7. Nf3 Bg7 8. Bg2
O-O 9. O-O a6 10. a4 Nbd7 11. h3 Rb8 12. Bf4 Qc7 13. g4 b5 14. axb5 axb5 15. g5
Nh5 16. Bh2 Re8 17. Qd2 b4 18. Nd1 f6 19. Ne3 Nb6 20. Rfc1 Bd7 21. Ra2 f5 22.
b3 Bc3 23. Qd3 Re4 24. Nd1 Bg7 25. e3 Nc8 26. Nd2 Bb5 27. Nc4 Bxc4 28. Rxc4 Re8
29. Rcc2 Qe7 30. Nb2 Qxg5 31. Nc4 f4 32. e4 Bd4 33. Ra6 Rf8 34. Qf3 Qd8 35.
Rca2 Nb6 36. Na5 Ra8 37. Nc6 Rxa6 38. Rxa6 Qc8 39. Ne7+ 1-0

[Event "Plzen, JF A"]
[Site "?"]
[Date "1999.??.??"]
[Round "2.11"]
[White "Houska, J."]
[Black "Pirklova, H."]
[Result "1/2-1/2"]
[WhiteElo "1805"]
[BlackElo "2067"]
[PlyCount "82"]
[EventDate "1999.??.??"]
[Source "ChessBase"]
[SourceDate "1996.11.15"]

1. e4 e6 2. d4 d5 3. Nc3 Bb4 4. e5 c5 5. a3 Bxc3+ 6. bxc3 Qc7 7. Nf3 Nc6 8. h4
Nge7 9. h5 h6 10. Rb1 Bd7 11. g4 Na5 12. Bd3 cxd4 13. cxd4 Nc4 14. Rh3 O-O-O
15. Bd2 Nxd2 16. Qxd2 f6 17. c4 dxc4 18. Bxc4 Nd5 19. Bxd5 exd5 20. Rc1 Bc6 21.
Nh4 Rhe8 22. f4 Rd7 23. Nf5 Kb8 24. Kf2 fxe5 25. fxe5 Rf7 26. Kg2 Ref8 27. Rf3
Qb6 28. Rcf1 Qc7 29. Nd6 Rxf3 30. Rxf3 Rxf3 31. Kxf3 Qe7 32. Kg3 Bd7 33. Qb4 b6
34. Qd2 Be6 35. Qc2 Qg5 36. Qe2 g6 37. Qf3 gxh5 38. Qf8+ Kc7 39. Ne8+ Kd7 40.
Nf6+ Kc6 41. Qe8+ Kb7 1/2-1/2

[Event "Plzen, JF A"]
[Site "?"]
[Date "1999.??.??"]
[Round "2.12"]
[White "Herskovic, R."]
[Black "Sedlacek, J."]
[Result "1-0"]
[WhiteElo "1944"]
[BlackElo "1687"]
[PlyCount "87"]
[EventDate "1999.??.??"]
[Source "ChessBase"]
[SourceDate "1996.11.15"]

1. e4 c5 2. Nf3 d6 3. d4 cxd4 4. Nxd4 Nf6 5. Nc3 g6 6. Be3 Bg7 7. Bc4 O-O 8. f3
Nc6 9. Qd2 Qa5 10. O-O-O Bd7 11. h4 Rfc8 12. Bb3 Ne5 13. h5 Nxh5 14. g4 Nf6 15.
Bh6 Rxc3 16. Qxc3 Qxc3 17. bxc3 Bxh6+ 18. Rxh6 Nexg4 19. fxg4 Bxg4 20. Rg1 Bh5
21. Nf5 Kf8 22. Ng3 Kg7 23. Rxh5 gxh5 24. Nxh5+ Kf8 25. Nxf6 exf6 26. Bd5 Rb8
27. Kd2 b6 28. Kd3 Rc8 29. Kd4 Rc7 30. c4 Rc8 31. Rg3 Rc7 32. Ke3 b5 33. cxb5
Rxc2 34. Kf4 h6 35. Ra3 Rc7 36. Kf5 Ke7 37. Bc6 h5 38. Rh3 a6 39. b6 Rxc6 40.
b7 Rc5+ 41. Kf4 Rb5 42. Rb3 Rxb7 43. Rxb7+ Ke6 44. a4 1-0

[Event "Plzen, JF A"]
[Site "?"]
[Date "1999.??.??"]
[Round "2.13"]
[White "Belan, V."]
[Black "Pribyl, J."]
[Result "1/2-1/2"]
[WhiteElo "1780"]
[BlackElo "1914"]
[PlyCount "54"]
[EventDate "1999.??.??"]
[Source "ChessBase"]
[SourceDate "1996.11.15"]

1. c4 d6 2. Nc3 Nf6 3. g3 g6 4. Bg2 Bg7 5. d3 O-O 6. e3 c5 7. Nge2 Nc6 8. Rb1
Be6 9. Nd5 Qd7 10. O-O Bh3 11. e4 Nd8 12. b4 a6 13. Nxf6+ Bxf6 14. b5 Bxg2 15.
Kxg2 Ne6 16. Be3 Rfd8 17. Nc3 Bg5 18. Bxg5 Nxg5 19. f4 Ne6 20. f5 Nd4 21. Qd2
Rab8 22. Qg5 Rdc8 23. h4 Qd8 24. Qh6 Qf8 25. Qg5 Qd8 26. Qh6 Qf8 27. Qg5 Qd8
1/2-1/2

[Event "Plzen, JF A"]
[Site "?"]
[Date "1999.??.??"]
[Round "3.2"]
[White "Kaderka, R."]
[Black "Balcar, M."]
[Result "1-0"]
[WhiteElo "2160"]
[BlackElo "1888"]
[PlyCount "53"]
[EventDate "1999.??.??"]
[Source "ChessBase"]
[SourceDate "1996.11.15"]

1. c4 Nf6 2. Nc3 e6 3. d4 Bb4 4. a3 Bxc3+ 5. bxc3 c5 6. Qc2 b6 7. e4 d6 8. Bd3
Nc6 9. Nf3 e5 10. h3 O-O 11. O-O Qe8 12. d5 Na5 13. Bg5 Ba6 14. Bxf6 gxf6 15.
Qe2 Kh8 16. Nh4 Rg8 17. f4 Qd7 18. Kh1 Rg7 19. Rf2 Rag8 20. Raf1 Rg3 21. fxe5
Rxd3 22. Qxd3 Bxc4 23. Qf3 Bxf1 24. Qxf6+ Rg7 25. Rxf1 Kg8 26. Nf5 Rg6 27. Ne7+
1-0

[Event "Plzen, JF A"]
[Site "?"]
[Date "1999.??.??"]
[Round "3.3"]
[White "Balin, J."]
[Black "Cedikova, K."]
[Result "1-0"]
[WhiteElo "1895"]
[BlackElo "2150"]
[PlyCount "61"]
[EventDate "1999.??.??"]
[Source "ChessBase"]
[SourceDate "1996.11.15"]

1. Nf3 g6 2. g3 Bg7 3. Bg2 c5 4. d3 Nc6 5. e4 e6 6. O-O Nge7 7. c3 d5 8. Re1
O-O 9. e5 d4 10. c4 h6 11. Nbd2 Nf5 12. h4 Rb8 13. Nf1 b6 14. Bf4 Bb7 15. N1h2
Qe7 16. Ng4 Rbe8 17. Qc1 Kh7 18. a3 Na5 19. Rb1 Nc6 20. Kh2 a5 21. Rh1 Nb8 22.
Kg1 Bxf3 23. Bxf3 h5 24. Bg5 Qc7 25. Nf6+ Bxf6 26. Bxf6 Nd7 27. Qg5 Nxf6 28.
exf6 e5 29. Bxh5 Re6 30. Bg4 Rh8 31. Bxf5 1-0

[Event "Plzen, JF A"]
[Site "?"]
[Date "1999.??.??"]
[Round "3.4"]
[White "Balin, K."]
[Black "Konigova, P."]
[Result "0-1"]
[WhiteElo "1958"]
[BlackElo "2061"]
[PlyCount "50"]
[EventDate "1999.??.??"]
[Source "ChessBase"]
[SourceDate "1996.11.15"]

1. d4 Nf6 2. c4 g6 3. Nc3 Bg7 4. e4 d6 5. Nf3 O-O 6. Be2 e5 7. O-O Nc6 8. d5
Ne7 9. Ne1 Nd7 10. Be3 f5 11. f3 f4 12. Bf2 g5 13. Rc1 Ng6 14. Nd3 Nf6 15. c5
Rf7 16. a4 Bf8 17. cxd6 cxd6 18. Nb5 g4 19. Kh1 g3 20. Bg1 gxh2 21. Bf2 Nh5 22.
Qc2 Qg5 23. Rfd1 Nh4 24. Bf1 Rg7 25. Ne1 Bh3 0-1

[Event "Plzen, JF A"]
[Site "?"]
[Date "1999.??.??"]
[Round "3.5"]
[White "Kolar, J."]
[Black "Juptner, J."]
[Result "0-1"]
[WhiteElo "2029"]
[BlackElo "1967"]
[PlyCount "144"]
[EventDate "1999.??.??"]
[Source "ChessBase"]
[SourceDate "1996.11.15"]

1. d4 d5 2. c4 dxc4 3. Nf3 Nf6 4. Qa4+ Nbd7 5. g3 a6 6. Qxc4 b5 7. Qc6 Ra7 8.
Bg2 e6 9. O-O Bb7 10. Qc2 c5 11. dxc5 Bxc5 12. Nc3 O-O 13. Bf4 Qa8 14. Rad1 Rc8
15. Qd2 Nb6 16. a3 Nc4 17. Qc1 Ne4 18. Nxe4 Bxe4 19. Qa1 e5 20. Bd2 Bd4 21. Bc3
Bxc3 22. bxc3 Qc6 23. Ne1 Bxg2 24. Nxg2 Qc5 25. a4 bxa4 26. Ne1 e4 27. Rd4 a3
28. Qd1 f5 29. Rd5 Qf8 30. Nc2 Nb6 31. Rd6 Na4 32. Nxa3 Nxc3 33. Qb3+ Qf7 34.
Qxf7+ Kxf7 35. e3 a5 36. Kg2 Rb7 37. Nc2 Nb5 38. Rd2 Rc3 39. Nd4 Nxd4 40. Rxd4
Ra3 41. Rd2 Rbb3 42. Rc1 Rd3 43. Rb2 Rd7 44. Rc6 Ra7 45. Rc1 a4 46. Kf1 Rd3 47.
Ra1 a3 48. Rc2 Kf6 49. Kg2 Rb7 50. Rc6+ Ke5 51. Rc5+ Ke6 52. Rc6+ Kd5 53. Ra6
Rbb3 54. Ra7 Kc4 55. Rxg7 Kc3 56. Ra2 Rd5 57. Rxh7 Kb4 58. Ra7 Ra5 59. Rb7+ Ka4
60. Rd7 Rb2 61. Ra1 a2 62. h4 Ka3 63. Rdd1 Rab5 64. Rd8 R5b4 65. Rd5 Rb5 66.
Rd8 Ra5 67. Rdd1 Rc2 68. h5 Kb2 69. h6 Ra7 70. Rh1 Rh7 71. Rad1 Rc6 72. Ra1
Rcxh6 0-1